| 000 | 00657nac a22002051u 4500 | ||
|---|---|---|---|
| 010 | _a 96033756 | ||
| 020 | _a0079121764 (hc) | ||
| 020 | _a0079121772 (pb) | ||
| 082 | 0 | 0 |
_a005.265 _bCAN |
| 090 |
_c9232 _d9232 |
||
| 100 | _aCanton, Maria P. | ||
| 245 | 1 | 4 |
_aThe McGraw-Hill programmer's desk reference / _cMaria P. Canton, Julio Sanchez. |
| 260 |
_aNew York : _bMcGraw-Hill,1996 _cc1996. |
||
| 300 |
_avi, 470 p. : _bill. ; _c24 cm. |
||
| 500 | _adistributer: Al-Ahram | ||
| 511 | _acatalogued by: wessam | ||
| 650 | 0 | _aComputer programming. | |
| 700 | 1 |
_aSanchez, Julio, _d1938- |
|
| 942 |
_cBB _k005.265CAN |
||
| 999 |
_c9232 _d9232 |
||